000 02591nam a2200469 c 4500
999 _c159212
_d159212
003 BLK
005 20220517095502.0
008 180410b bul|||||r ||||||| ||bul||
010 _aKNG00166282000
040 _aBLK
041 _aBUL
_cBUL
080 _aОпазване на обществения ред и спокойствие
_b351.75
_x:343.21(497.2)(094.4)
_z351.75:343.21(497.2)(094.4)
080 _aОпазване на обществения ред и спокойствие
_b351.75
_x:343.1(497.2)(094.5)
_z351.75:343.1(497.2)(094.5)
080 _aОпазване на обществения ред и спокойствие
_b351.75
_x:343.3/.7(497.2)(094.5)
_z351.75:343.3/.7(497.2)(094.5)
139 _aБългария. Закони и др. п.
_bБ 92
245 1 0 _aНаказателни и устройствени закони
_bСборник
_cсъстав. Иван Цонев Палазов и др.
257 _aBGR
260 _bНаука и изкуство
_c1982
_fПлевен : Ал. Пъшев
_aСофия
300 _a835 с.
_bс табл.
_c22 см
380 _a3
500 _aДруги състав. : Ив. Т. Стоянов, М. С. Лазаров, Л. Т. Андрейчев, Н. Р. Киндеков. - 9 910 тир.
650 4 _aНаказателен кодекс - България
_9245467
650 4 _aНаказателен процес - България - законодателни и директивни материали
_9247437
650 4 _aАдминистративно-наказателно производство - България
_9309415
651 4 _aБългария
_9241624
653 _aнаказателно право
653 _aнаказателно-процесуално право
653 _aадминистративно право
653 _aкодекси
653 _aнаказания (право)
700 1 _aПалазов, Иван Цонев
_eсъстав.
_9334403
710 1 _aБългария. Закони и др. п.
_9243213
852 _aЦб 118234
_bЦб
856 4 _qpdf
856 4 _qpdf
942 _cKNG
_n0
_s1
944 _aCR
_c17.10.2014
_l17.10.2014 - от С1,Р / 17.10.2014
_kПравда_Бадева
944 _aED
_c17.10.2014
_l17.10.2014 - от С1,Р / 17.10.2014
944 _aED
_c2022-05-17
999 _d159212
999 _d159212
999 _d159212